Statistics for Islamic history

Click here to take the quiz!

General Stats

  • This quiz has been taken 101 times
  • The average score is 7 of 10

Answer Stats

QuestionsAnswer% Correct
Where was The prophet born?Makkah
95%
Where did he died?Madina
94%
Who accepted islam first?Khadija
78%
Which one of Prophet's uncles got shaheed in gazwah uhad?Hamza
68%
When did gazwah e badar happened?2 hijri
65%
When did hudaibiya happend?6 hijri
58%
How many sahaba did Allah forgive who didn't attend tabuk?3
53%
What does the year is called when The prophet was born?Aam al fiil
52%
Which sahabi broke 9 swords in one gazwah?Khalid
52%
Who advised to dig up a khandaq (trench/ ditch)?Salman
42%

Score Distribution

Percentile by Number Answered

Percent of People with Each Score

Your Score History

You have not taken this quiz